| 000 | 01346 a2200241 4500 | ||
|---|---|---|---|
| 001 | 42308 | ||
| 005 | 20260407155712.0 | ||
| 008 | 260407a2015 arg spa d | ||
| 003 | AR-UNSa-BCEJYS | ||
| 040 |
_aAR-UNSa-BCEJYS _bspa _cAR-UNSa-BCEJYS |
||
| 080 |
_a657.36 _xBalances de comprobación (balance estimativo). Balances de saldo. Balance intermedio |
||
| 245 | 1 | 0 |
_aBalances _pguía práctica para su presentación |
| 020 | _a978-987-01-1906-7 | ||
| 250 | _a3a. ed. | ||
| 264 | 1 |
_aBuenos Aires : _bErrepar _c2015 |
|
| 300 |
_axxii, 382 p. _c27 cm. |
||
| 505 | _a1. Aspectos conceptuales - 2. Estado de situación patrimonial - 3. Estado de resultados - 4. Estado de evolución del patrimonio neto - 5. Estado de flujo de efectivo - 6. Información complementaria - 7. Memoria - 8. Caso práctico integral - 9. Formalidades de presentación - 10. Entes sin fines de lucro - 11. Cooperativas - 12. Análisis de estados contables - 13. Normas internacionales de contabilidad e información financiera - 14. Balance social - 15. Libros contables y societarios. Formalidades y contenido - 16. Información por segmentos | ||
| 041 | _aspa | ||
| 942 | _cBK | ||
| 590 | _aniveau_biblio:m niveau_hierar:0 | ||
| 100 | 1 | _aOrieta, Rosa Mariel | |
| 856 | 4 | 1 |
_uhttps://biblioeco.unsa.edu.ar/pmb/images/libros/L126558.jpg _yImagen de portada _qimage/jpeg |
| 999 |
_c3595 _d3595 |
||